ដំណាំខ្ទឹមបារាំងនៅខេត្តកណ្តាល (Record no. 147)

000 -LEADER
fixed length control field 00462nam a22001577a 4500
003 - CONTROL NUMBER IDENTIFIER
control field OSt
005 - DATE AND TIME OF LATEST TRANSACTION
control field 20150908161158.0
008 - FIXED-LENGTH DATA ELEMENTS--GENERAL INFORMATION
fixed length control field 150908b xxu||||| |||| 00| 0 eng d
040 ## - CATALOGING SOURCE
Transcribing agency RUA
082 ## - DEWEY DECIMAL CLASSIFICATION NUMBER
Classification number AGR សួង 1993 B007 Or.1
100 ## - MAIN ENTRY--PERSONAL NAME
9 (RLIN) 166
Personal name សួង សូត្រ
245 ## - TITLE STATEMENT
Title ដំណាំខ្ទឹមបារាំងនៅខេត្តកណ្តាល
260 ## - PUBLICATION, DISTRIBUTION, ETC. (IMPRINT)
Place of publication, distribution, etc. Phnom Penh
Name of publisher, distributor, etc. RUA
Date of publication, distribution, etc. 1993
300 ## - PHYSICAL DESCRIPTION
Extent 57p.
Other physical details ill.
Dimensions 29cm.
942 ## - ADDED ENTRY ELEMENTS (KOHA)
Source of classification or shelving scheme
Koha item type AGR
Holdings
Price effective from Date last seen Permanent Location Not for loan Date acquired Source of classification or shelving scheme Koha item type Lost status Withdrawn status Total Renewals Date last checked out Total Checkouts Shelving location Damaged status Barcode Current Location Full call number
2015-09-082023-06-16Library Block B 2015-09-08 AGR   2023-06-124B007 RUA003746Library Block BAGR សួង 1993 B007 Or.1
2015-09-082015-09-08Library Block B 2015-09-08 AGR     B007 RUA003818Library Block BAGR សួង 1993 B007 Or.2
2015-09-082016-11-30Library Block B 2015-09-08 AGR  12016-10-251B007 RUA003608Library Block BAGR សួង 1993 B007 Or.3
2015-09-082015-09-08Library Block B 2015-09-08 AGR     B007 RUA003520Library Block BAGR សួង 1993 B007 Or.4
2015-09-082017-10-27Library Block B 2015-09-08 AGR   2017-10-072B007 RUA003609Library Block BAGR សួង 1993 B007 Or.5
2015-09-082019-08-21Library Block B 2015-09-08 AGR  12019-08-194B007 RUA003676Library Block BAGR សួង 1993 B007 Or.6
2015-09-082018-08-01Library Block B 2015-09-08 AGR   2018-07-201B007 RUA003747Library Block BAGR សួង 1993 B007 Or.7
2015-09-082015-09-08Library Block B 2015-09-08 AGR     B007 RUA005530Library Block BAGR សួង 1993 B007 Or.8
មជ្ឈមណ្ឌលឯការនៃសាកលវិទ្យាល័យភូមិន្ទកសិកម្មចំការដូង

Powered by Koha